| 000 | 007450000a22001210004500 | ||
|---|---|---|---|
| 100 | 1 | _aPorras, Sixto | |
| 245 | 1 | 0 | _aLecciones para Criar Hijos Responsables |
| 300 | _anúm.9 (jul- dic, 2011), Pág. 12 | ||
| 520 | _aLos hijos deben pasar de la dependencia absoluta a la independencia absoluta, en un proceso ascendente de responsabilidades, libertades y desarrollo de inteligencias, habilidades y destrezas. De ahí que ser padre y madre es una tarea muy compleja que va más allá de traer hijos al mundo, es formar persona, e influir en su destino y en el desarrollo de su carácter, esto requiere paciencia, dedicación, valentía y amor. | ||
| 650 | 1 | 4 | _aFAMILIA |
| 773 | 0 | _tRevista trimestral interdenominacional cristiana - | |
| 942 | _cANA | ||
| 999 |
_c63532 _d63532 |
||